| 000 | 00845cam a22002531 4500 | ||
|---|---|---|---|
| 001 | sa 65002336 | ||
| 003 | DLC | ||
| 005 | 20260227112116.0 | ||
| 008 | 780906s1960 pk ac 000 0 eng | ||
| 010 | _asa 65002336 | ||
| 025 | _aPL480:P-E-585 | ||
| 035 | _a(OCoLC)4201196 | ||
| 040 |
_aDLC _cNcRS _dNcRS _dDLC |
||
| 042 | _apremarc | ||
| 043 | _aa-pk--- | ||
| 050 | 0 | 0 |
_aTS1542 _b.P3 |
| 110 | 2 | _aPakistan Central Cotton Committee. | |
| 245 | 1 | 0 |
_aTechnological research on Pakistani cottons; _ban account of the work carried out at I.C.C.C.'s institute at Matunga under the direction of Nazir Ahmad. |
| 260 |
_aKarachi, _bPakistan Central Cotton Committee _c[1960?] |
||
| 300 |
_aiii, 281 p. _billus. (part col.) port. _c25 cm. |
||
| 650 | 0 |
_aCotton _xTesting. |
|
| 650 | 0 |
_aCotton _xResearch _zPakistan. |
|
| 700 | 1 |
_aAhmad, Nazir, _d1891- |
|
| 999 |
_c62590 _d62590 |
||